000 01416nam a2200361 c 4500
003 BLK
005 20250128103351.0
008 180408b bul|||||r ||||||| ||bul||
010 _aKNG00052691000
020 _a978-954-361-205-5
_bиздат.: Посоки
040 _aBLK
041 _aBUL
_cBUL
072 7 _2bullib
_aН85
_xДетска художествена литература Н
080 _aБългарска литература
_b821.163.2
_x-93-1
_z821.163.2-93-1
700 _aЖекова, Ангелина Иванова
_d1944-
_9366328
139 _aЖекова, Ангелина Иванова
_bЖ 32
245 1 0 _aКъщичка в гората
_cстихове Ангелина Иванова Жекова.
257 _aBGR
260 София
_bПосоки
_c2011
300 _a10 с.
_bс цв. ил.
_c16 см
380 _aDX
500 _aКор. опис. - Отпеч. на ламиниран картон с нестандартна форма.
653 _aстихотворения за деца
653 _aлитература за деца
653 _aдетска литература
659 _aН
852 _aЦб І 36716
856 4 _qpdf
_u
856 4 _qpdf
_u
942 _cKNG
_n0
_016
944 _aCR
_c28.01.2016
_lБояна Костадинова
_k30551
944 _aED
_c09.06.2016
_lф /
_kЛюдмила_Стоянова
999 _c48872
_d48872